01093nam a2200229 u 450000100040000000500170000400800410002102000150006203500080007703500210008504000130010604100080011908200080012710000340013524500350016926000400020430000180024450005130026265000230077565000300079870000350082884520260428103533.0950310s1980 spa  a8432988057 a845 a(OCoLC)434842469 ccomduadb aspa 4a15710aBuira, Carlos Maria4auteaut10aPsicodiagnostico y estadistica aBarcelona :bEdiciones Ceac,c1980. a200 páginas aCONTENIDO : I: Psicodiagnostico. -- Introducción. -- 1: El diagnóstico psicológico. -- 2: Psicometría. -- 3: Examen psicológico. -- 4: La medida de las aptitudes intelectuales. -- 5: La medida de la personalidad. -- II: Estadistica. -- 1: Conceptos generales. -- 2: Ley normal. -- 3: Sistema de puntuación de los tests. -- 4: Correlación regresión. -- 5: Técnicas de estadísticas para la aplicación de tests objetivos de rendimiento. -- 6: Coeficiente de correlación biserial puntual. 7aEstadística2dcs 7aPsicodiagnóstico2embne10aDomenech, Jose Maria4auteaut